Pays du Monde où Noël est le plus célébré - Statistiques

Statistiques générales
  • Ce quiz a été pris 150 fois
  • Le résultat moyen est 24 sur 30
Réponses sur la Carte
Les réponses sont colorées sur une échelle allant du rouge au vert en fonction du pourcentage des utilisateurs qui les ont devinées à leur premier essai. Vous pouvez retrouver ces pourcentages ci-dessous.
 
Statistiques - réponses
Pays % Correct
États-Unis
100%
France
100%
Canada
99%
Espagne
99%
Italie
99%
Portugal
99%
Royaume-Uni
99%
Suisse
98%
Allemagne
97%
Belgique
97%
Pays-Bas
97%
Brésil
96%
Mexique
96%
Irlande
93%
Australie
91%
Pologne
89%
Suède
88%
Finlande
84%
Danemark
82%
Autriche
80%
Islande
80%
République Tchèque
71%
Chili
69%
Nouvelle-Zélande
67%
Colombie
63%
Hongrie
62%
Afrique du Sud
47%
Philippines
16%
Nigeria
9%
Ghana
4%
Aucun quiz correspondant
Distribution des résultats
% des personnes avec chaque résultat
Percentile par nombre de réponses
Votre historique - résultats
Vous n’avez pas pris ce quiz